00651nam a2200241 a 4500001001300000003000900013005001700022008004100039020001000080082001600090100001800106245003900124260002600163300000900189500003500198505001000233650002200243700001800265902000800283942000700291952009600298999001500394nice12345678IN_TiNIC20260116011502.0050524s1958 gena grp 000 0 eng  ac10000a269.2bSTR1 aStrong, Tracy aPilgrimage into the World of Islam aGenevabY M C ac1958 a143p aincludes index and biblioraphy2 aIndex aEvangelistic Work1 aStrong, Tracy bSRS cBK 00104070aHMIbHMId2007-07-16g100.00l0o269.2 STR1p02059r2019-07-04w2026-01-16yEB c1955d1955